[Event "ch-SCO"]
[Site "Edinburgh SCO"]
[Date "2003.04.09"]
[Round "5"]
[White "MacDonald,C"]
[Black "Stevenson,J"]
[Result "0-1"]
[WhiteElo "2019"]
[BlackElo "2124"]
[EventDate "2003.04.05"]

1. c4 g6 2. g3 Bg7 3. Bg2 e5 4. Nc3 d6 5. e4 f5 6. exf5 gxf5 7. Qh5+ Kf8 8.
Bd5 Qd7 9. Bxg8 Kxg8 10. d3 c6 11. Nf3 Qf7 12. Qh4 Bf6 13. Bg5 Nd7 14. g4
h6 15. Bxf6 Qxf6 16. gxf5 Qxh4 17. Nxh4 Kf7 18. Ne4 d5 19. Nd6+ Kf6 20. Rg1
Nf8 21. O-O-O Bd7 22. Rg3 b6 23. Rdg1 Ke7 24. Nb7 Rh7 25. Ng6+ Nxg6 26.
Rxg6 Rf8 27. Rg7+ Rxg7 28. Rxg7+ Rf7 29. Rxf7+ Kxf7 30. c5 bxc5 31. Nxc5
Bxf5 32. Kd2 Kf6 33. Ke3 Kg5 34. Kf3 Bxd3 35. Nxd3 e4+ 36. Ke3 exd3 37. b4
a6 38. a4 Kg4 39. f3+ Kf5 40. Kxd3 Kf4 41. Kd4 Kxf3 42. Kc5 Ke3 43. Kxc6 d4
44. b5 d3 45. b6 d2 46. b7 d1=Q 47. b8=Q Qxa4+ 48. Kd5 Qb5+ 49. Qxb5 axb5
50. h4 Kf4 51. h5 Kg5 52. Kc5 Kxh5 53. Kxb5 Kg4 54. Kc4 h5 55. Kd3 Kf3 56.
Kd2 h4 57. Ke1 Kg2 0-1

[Event "ch-SCO"]
[Site "Edinburgh SCO"]
[Date "2003.04.09"]
[Round "5"]
[White "Orr,M"]
[Black "Spencer,E"]
[Result "1-0"]
[WhiteElo "2362"]
[BlackElo "2197"]
[EventDate "2003.04.05"]

1. d4 f5 2. g3 Nf6 3. Bg2 g6 4. c3 Bg7 5. Qb3 d5 6. Nh3 O-O 7. Nf4 c6 8. h4
e5 9. dxe5 Ng4 10. e6 Na6 11. Nd2 Nc5 12. Qc2 Qb6 13. O-O Nxe6 14. Nb3 Be5
15. e3 Bxf4 16. exf4 Nc7 17. Nd4 Bd7 18. b3 Rfe8 19. Bb2 c5 20. Nf3 Re7 21.
Rfe1 Rae8 22. Qd2 Rxe1+ 23. Rxe1 Rxe1+ 24. Nxe1 Nf6 25. Nd3 Ne4 26. Qe3 Ne6
27. Bxe4 fxe4 28. Ne5 Bc6 29. Qe2 Ng7 30. Ng4 Bd7 31. Ne5 Bc6 32. Ng4 Bd7
33. Ne3 Be6 34. c4 Qa6 35. Bxg7 Kxg7 36. Qc2 Qc6 37. cxd5 Bxd5 38. Qc3+ Kg8
39. f5 Bf7 40. Qe5 a6 41. Ng4 gxf5 42. Nf6+ Kg7 43. Nxe4+ Kg8 44. Nf6+ Kg7
45. Nd7+ Kg8 46. Qe7 Qc8 47. Nxc5 b6 48. Nd7 h6 49. Ne5 Bd5 50. Kh2 Qc5 51.
Qxc5 1-0

[Event "ch-SCO"]
[Site "Edinburgh SCO"]
[Date "2003.04.09"]
[Round "5"]
[White "Burnett,A"]
[Black "Robertson,I"]
[Result "0-1"]
[WhiteElo "2145"]
[BlackElo "2182"]
[EventDate "2003.04.05"]

1. e4 e5 2. Nc3 Nf6 3. g3 d5 4. exd5 Nxd5 5. Bg2 Nxc3 6. bxc3 Bc5 7. Ne2
Nc6 8. O-O Be6 9. d4 exd4 10. cxd4 Nxd4 11. Bxb7 Bg4 12. Qd3 Nxe2+ 13. Kg2
Qxd3 14. cxd3 Rb8 0-1

[Event "ch-SCO"]
[Site "Edinburgh SCO"]
[Date "2003.04.09"]
[Round "5"]
[White "Grant,A"]
[Black "Redpath,J"]
[Result "1-0"]
[WhiteElo "2271"]
[BlackElo "2193"]
[EventDate "2003.04.05"]

1. c4 g6 2. d4 Bg7 3. Nc3 c5 4. d5 Bxc3+ 5. bxc3 f5 6. e4 fxe4 7. f3 Qa5 8.
Qc2 Nf6 9. fxe4 d6 10. Bd3 Nbd7 11. Nf3 Ng4 12. O-O Nde5 13. Bf4 Bd7 14. h3
Nxf3+ 15. Rxf3 Ne5 16. Bxe5 dxe5 17. Raf1 O-O-O 18. Rf7 Rde8 19. Rg7 Qb6
20. Rff7 h6 21. Qf2 Kd8 22. Qg3 Rhf8 23. Qxe5 Rxf7 24. Qb8+ Bc8 25. Rxf7
Qb2 26. d6 Qb6 1-0

[Event "ch-SCO"]
[Site "Edinburgh SCO"]
[Date "2003.04.09"]
[Round "5"]
[White "Fraser,M"]
[Black "Gourlay,I"]
[Result "1/2-1/2"]
[WhiteElo "2186"]
[BlackElo "2276"]
[EventDate "2003.04.05"]

1. d4 Nf6 2. Nf3 c5 3. d5 b5 4. Bg5 Qb6 5. Bxf6 Qxf6 6. Nc3 b4 7. Na4 e5 8.
e4 d6 9. b3 Qg6 10. Bb5+ Bd7 11. Qe2 Qxg2 12. O-O-O Qh3 13. Bc4 g6 14. Kb1
Bh6 15. Rdg1 Bf4 16. Nb2 Bg4 17. Rxg4 Qxg4 18. Nd3 O-O 19. Rg1 Qh5 20. Nxf4
exf4 21. e5 dxe5 22. Rg5 Qh6 23. Rxe5 Nd7 24. Re7 Qh3 25. d6 Qf5 26. Bd3
Qg4 27. Bc4 Qf5 28. Bd3 Qg4 29. Bc4 1/2-1/2

[Event "ch-SCO"]
[Site "Edinburgh SCO"]
[Date "2003.04.10"]
[Round "6"]
[White "Grant,J"]
[Black "Robertson,I"]
[Result "1/2-1/2"]
[WhiteElo "2253"]
[BlackElo "2182"]
[EventDate "2003.04.05"]

1. c4 e5 2. Nc3 Nf6 3. Nf3 Nc6 4. g3 Bc5 5. Bg2 d6 6. O-O O-O 7. e3 Bg4 8.
h3 Bh5 9. g4 Bg6 10. d4 Bb6 11. a3 a5 12. b3 h5 13. g5 Ne4 14. Nxe4 Bxe4
15. h4 exd4 16. Nxd4 Bxg2 17. Kxg2 Qd7 18. Bb2 Ne5 19. Qxh5 a4 20. f4 Ng4
21. Kg3 Nxe3 22. Nf3 Nxf1+ 23. Rxf1 Qf5 24. Nh2 Rfe8 25. Ng4 Re6 26. b4
Rae8 27. Rf3 Qg6 28. Qxg6 fxg6 29. f5 gxf5 30. Rxf5 Re2 31. Bc3 Rc2 32. Rf3
Rf8 33. Rd3 Re8 34. h5 Re4 35. h6 Rxc4 36. Bxg7 Rg2+ 37. Kxg2 Rxg4+ 38. Rg3
Rxg3+ 39. Kxg3 Kh7 40. Kf4 Kg6 41. Ke4 Bf2 42. Bf6 c6 43. Kd3 b5 44. Be7
Bg3 45. Bf6 1/2-1/2

[Event "ch-SCO"]
[Site "Edinburgh SCO"]
[Date "2003.04.10"]
[Round "6"]
[White "Arakhamia,K"]
[Black "Orr,M"]
[Result "1/2-1/2"]
[WhiteElo "2413"]
[BlackElo "2362"]
[EventDate "2003.04.05"]

1. e4 e6 2. d4 d5 3. Nc3 Nf6 4. e5 Nfd7 5. f4 c5 6. Nf3 Qb6 7. Ne2 Nc6 8.
c3 f6 9. a3 Be7 10. h4 O-O 11. Rh3 a5 12. h5 Qd8 13. Be3 cxd4 14. cxd4 Nb6
15. Nc3 f5 16. Rc1 a4 17. Bd3 Bd7 18. Bf2 Na5 19. Rc2 Nbc4 20. Kf1 Rc8 21.
Qe1 Qb6 22. Nd1 Bb5 23. Qe2 Rc7 24. Nc3 Bd7 25. Kg1 Rfc8 26. Nd1 Nb3 27.
Kh1 Nca5 28. Nc3 Bxa3 29. Nxd5 exd5 30. bxa3 Nc1 31. Rxc1 Rxc1+ 32. Kh2 Nb3
33. Ng5 Be6 34. Be3 R1c3 35. Bb5 h6 36. Nxe6 Qxe6 37. Bxa4 Na5 38. Qb5 Nc4
39. Bf2 Rxh3+ 40. Kxh3 Nb6 41. Bd1 Rc3+ 42. Kh2 Rxa3 43. Qc5 Ra8 44. Bf3
Qc6 45. Bh4 Rc8 46. Qa5 Kh7 47. Be7 Ra8 48. Qc5 Re8 49. Bd6 Rc8 1/2-1/2

[Event "ch-SCO"]
[Site "Edinburgh SCO"]
[Date "2003.04.10"]
[Round "6"]
[White "Pritchett,C"]
[Black "Kafka,G"]
[Result "1/2-1/2"]
[WhiteElo "2318"]
[BlackElo "2103"]
[EventDate "2003.04.05"]

1. c4 e5 2. g3 d6 3. Bg2 f5 4. d4 Be7 5. Nc3 Nf6 6. dxe5 dxe5 7. Qxd8+ Bxd8
8. e4 c6 9. Bh3 g6 10. Nf3 O-O 11. O-O Bc7 12. exf5 Bxf5 13. Bxf5 gxf5 14.
Nh4 f4 15. b3 Nbd7 16. Ba3 Rfe8 17. Rad1 fxg3 18. hxg3 e4 19. Nf5 Ne5 20.
Kg2 Neg4 21. Bc5 Be5 22. Ne2 b6 23. Bd6 Rad8 24. Bxe5 Nxe5 25. Rd6 Rxd6 26.
Nxd6 Rd8 27. Nf5 Rd2 28. Nf4 Nfg4 29. Kh3 Nxf2+ 30. Kh4 Ng6+ 31. Kg5 Nxf4
32. Kxf4 Rxa2 33. Ne7+ Kg7 34. Nxc6 Re2 35. Nd4 Nd3+ 36. Kg5 Rf2 37. Nf5+
Kf8 38. Rh1 Kg8 39. Ne7+ Kf8 40. Nf5 Rxf5+ 41. Kxf5 e3 42. Kf6 e2 43. Rxh7
Kg8 44. Rg7+ Kh8 45. Re7 e1=Q 46. Rxe1 Nxe1 47. Ke6 Nc2 48. Kd6 Nd4 49. b4
Nb3 50. Kc6 a5 51. bxa5 Nxa5+ 1/2-1/2

[Event "ch-SCO"]
[Site "Edinburgh SCO"]
[Date "2003.04.10"]
[Round "6"]
[White "Brown,Ste"]
[Black "McNab,C"]
[Result "1/2-1/2"]
[WhiteElo "2174"]
[BlackElo "2412"]
[EventDate "2003.04.05"]

1. d4 d6 2. g3 g6 3. Bg2 Bg7 4. Nf3 Nf6 5. O-O O-O 6. Re1 c5 7. dxc5 dxc5
8. Qxd8 Rxd8 9. c3 Nd5 10. Rd1 Nc6 11. Ng5 Nb6 12. Rxd8+ Nxd8 13. Be3 Na4
14. b3 Nxc3 15. Nxc3 Bxc3 16. Rd1 Bg4 17. f3 Bf5 18. g4 Be6 19. Bxc5 Bf6
20. Ne4 Nc6 21. Nxf6+ 1/2-1/2

[Event "ch-SCO"]
[Site "Edinburgh SCO"]
[Date "2003.04.10"]
[Round "6"]
[White "Redpath,J"]
[Black "Spencer,E"]
[Result "1-0"]
[WhiteElo "2193"]
[BlackElo "2197"]
[EventDate "2003.04.05"]

1. d4 f5 2. Nc3 d5 3. e4 dxe4 4. Bf4 Nf6 5. f3 e6 6. fxe4 fxe4 7. Bc4 Bb4
8. Nge2 Nc6 9. O-O Bxc3 10. bxc3 Nd5 11. Bc1 Nce7 12. Qe1 Nf5 13. Ng3 e3
14. Ba3 c6 15. Nxf5 exf5 16. Bxd5 cxd5 17. Qxe3+ Kf7 18. Rae1 Re8 19. Qxe8+
Qxe8 20. Rxe8 Kxe8 21. Re1+ Kf7 22. Re7+ Kf6 23. Bd6 b6 24. Rc7 g5 25. Rxh7
a5 26. Be5+ Kg6 27. Rg7+ Kh6 28. Rf7 b5 29. Rf6+ Kh7 30. Rd6 a4 31. Rxd5
Be6 32. Rxb5 Bxa2 33. Rb4 Bc4 34. Rxc4 a3 35. Rc7+ Kg6 36. c4 1-0

[Event "ch-SCO"]
[Site "Edinburgh SCO"]
[Date "2003.04.10"]
[Round "6"]
[White "MacDonald,C"]
[Black "Burnett,A"]
[Result "0-1"]
[WhiteElo "2019"]
[BlackElo "2145"]
[EventDate "2003.04.05"]

1. c4 e5 2. g3 Nc6 3. Bg2 g6 4. Nc3 Bg7 5. e4 h5 6. h3 d6 7. d3 h4 8. g4 f5
9. exf5 gxf5 10. g5 Be6 11. Nd5 Qd7 12. a4 Nd8 13. Ne2 c6 14. Ndc3 Ne7 15.
Rb1 d5 16. cxd5 Nxd5 17. Nxd5 Bxd5 18. Bxd5 Qxd5 19. O-O Ne6 20. Nc3 Qd7
21. f4 O-O-O 22. Be3 exf4 23. Bxa7 Nxg5 24. Nb5 f3 25. Qd2 f2+ 26. Rxf2
Nxh3+ 27. Kg2 Nxf2 28. Qf4 Qd5+ 29. Kxf2 Be5 0-1

[Event "ch-SCO"]
[Site "Edinburgh SCO"]
[Date "2003.04.10"]
[Round "6"]
[White "Fraser,M"]
[Black "Grant,A"]
[Result "0-1"]
[WhiteElo "2186"]
[BlackElo "2271"]
[EventDate "2003.04.05"]

1. e4 c5 2. c3 d5 3. exd5 Qxd5 4. d4 Nf6 5. Nf3 e6 6. Be3 cxd4 7. cxd4 Bb4+
8. Nc3 Bd7 9. a3 Bxc3+ 10. bxc3 O-O 11. c4 Qa5+ 12. Bd2 Qa4 13. Qb1 Bc6 14.
Bd3 Rd8 15. O-O Bxf3 16. gxf3 Nc6 17. Bc3 Nxd4 18. Bxd4 Rxd4 19. Qxb7 Rad8
20. Be2 h6 21. c5 Rh4 22. Rad1 Nd5 23. c6 Qf4 0-1

[Event "ch-SCO"]
[Site "Edinburgh SCO"]
[Date "2003.04.11"]
[Round "7"]
[White "Spencer,E"]
[Black "Stevenson,J"]
[Result "1/2-1/2"]
[WhiteElo "2197"]
[BlackElo "2124"]
[EventDate "2003.04.05"]

1. d4 Nf6 2. Nf3 g6 3. Nc3 Bg7 4. e4 d6 5. Be3 c6 6. Qd2 Qa5 7. Bd3 Bg4 8.
O-O-O Nbd7 9. h3 Bxf3 10. gxf3 O-O-O 11. Kb1 e6 12. Rhe1 Nh5 13. f4 f5 14.
f3 Rhe8 15. Nb5 Qxd2 16. Nxd6+ Kb8 17. Bxd2 Rf8 18. e5 Nb6 19. c4 Rd7 20.
Bf1 Bh6 21. Bb4 Rfd8 22. Ba5 Rf8 23. Bxb6 axb6 24. Rd3 Nxf4 25. Rb3 Ka7 26.
Kc2 Rfd8 27. c5 bxc5 28. dxc5 Bg7 29. a4 Nd5 30. Bc4 f4 31. Bxd5 cxd5 32.
Rb6 Ka8 33. Kd3 Rc7 34. Nb5 Rxc5 35. Rxe6 Rdc8 36. Nd6 R8c6 37. Re8+ Ka7
38. Re7 Bf8 39. Rxb7+ Ka6 40. Rd7 Rc7 41. e6 Be7 42. Nc8 Rxc8 43. Rxe7 Rb8
44. Re2 Rc4 45. Rxh7 Rb3+ 46. Kd2 Rxb2+ 47. Ke1 Rb1+ 48. Kf2 Rcc1 1/2-1/2

[Event "ch-SCO"]
[Site "Edinburgh SCO"]
[Date "2003.04.11"]
[Round "7"]
[White "McNab,C"]
[Black "Fraser,M"]
[Result "1-0"]
[WhiteElo "2412"]
[BlackElo "2186"]
[EventDate "2003.04.05"]

1. c4 g6 2. g3 f5 3. Nc3 Nf6 4. Bg2 Bg7 5. d3 d6 6. e4 Nc6 7. Nge2 e5 8.
O-O h6 9. h3 O-O 10. exf5 gxf5 11. f4 Be6 12. Be3 e4 13. dxe4 Nxe4 14. Nxe4
fxe4 15. Rc1 Bxb2 16. Rc2 Bg7 17. f5 Nb4 18. fxe6 Rxf1+ 19. Bxf1 Nxc2 20.
Qxc2 Be5 21. Qxe4 Qf6 22. Qxb7 Rf8 23. Bg2 Kh8 24. Nf4 Bxf4 25. gxf4 Rg8
26. Qd5 c5 27. Qxd6 Qg6 28. Qd2 Qxe6 29. Bxc5 Qf5 30. Bxa7 Rg3 31. Kh2 Rd3
32. Qb2+ Kg8 33. Bd5+ Kh7 34. Qb7+ 1-0

[Event "ch-SCO"]
[Site "Edinburgh SCO"]
[Date "2003.04.11"]
[Round "7"]
[White "Robertson,I"]
[Black "Redpath,J"]
[Result "1/2-1/2"]
[WhiteElo "2182"]
[BlackElo "2193"]
[EventDate "2003.04.05"]

1. d4 Nf6 2. c3 d5 3. Bg5 c6 4. Nd2 Bf5 5. e3 Nbd7 6. Ngf3 h6 7. Bf4 e6 8.
Be2 Nh5 9. Be5 Nhf6 10. Bg3 Be7 11. O-O Nh5 12. Be5 Nhf6 1/2-1/2

[Event "ch-SCO"]
[Site "Edinburgh SCO"]
[Date "2003.04.11"]
[Round "7"]
[White "Motwani,P"]
[Black "Grant,A"]
[Result "1-0"]
[WhiteElo "2528"]
[BlackElo "2271"]
[EventDate "2003.04.05"]

1. d4 Nf6 2. Nf3 e6 3. g3 d5 4. Bg2 c6 5. O-O Nbd7 6. Nbd2 Bd6 7. Re1 O-O
8. e4 Nxe4 9. Nxe4 dxe4 10. Rxe4 b6 11. Qd3 Bb7 12. Rh4 g6 13. Bh6 Re8 14.
Re1 Be7 15. Rf4 Bd6 16. Ne5 Nxe5 17. dxe5 Bc5 18. Qf3 Bf8 19. Rxf7 Bxh6 20.
Rxb7 Rf8 21. Qxc6 Qd4 22. Qxe6+ Kh8 23. Re2 1-0

[Event "ch-SCO"]
[Site "Edinburgh SCO"]
[Date "2003.04.11"]
[Round "7"]
[White "Kafka,G"]
[Black "Orr,M"]
[Result "1-0"]
[WhiteElo "2103"]
[BlackElo "2362"]
[EventDate "2003.04.05"]

1. e4 e6 2. d4 d5 3. e5 c5 4. c3 Nc6 5. Nf3 Bd7 6. Be2 Nge7 7. Na3 cxd4 8.
cxd4 Nf5 9. Nc2 Qb6 10. O-O a5 11. Kh1 Nb4 12. Be3 Be7 13. g4 Nxe3 14. fxe3
O-O 15. Na3 Rac8 16. Qd2 Rc7 17. Rfc1 Rfc8 18. Rxc7 Rxc7 19. h4 Nc2 20.
Nxc2 Qxb2 21. Bd3 Rxc2 22. Qxc2 Qxa1+ 23. Kg2 g6 24. h5 gxh5 25. Bxh7+ Kg7
26. gxh5 a4 27. Bd3 Bc6 28. Qf2 a3 29. Qg3+ Kf8 30. h6 Qxa2+ 31. Kh3 Qa1
32. h7 Qh1+ 33. Nh2 1-0

[Event "ch-SCO"]
[Site "Edinburgh SCO"]
[Date "2003.04.11"]
[Round "7"]
[White "Pritchett,C"]
[Black "Arakhamia,K"]
[Result "1/2-1/2"]
[WhiteElo "2318"]
[BlackElo "2413"]
[EventDate "2003.04.05"]

1. d4 Nf6 2. Nf3 g6 3. Nc3 d5 4. Bf4 Bg7 5. e3 O-O 6. Be2 c5 7. Ne5 Nc6 8.
O-O cxd4 9. exd4 Bf5 10. Nxc6 bxc6 11. Be5 Bh6 12. Bd3 Bg4 13. Be2 Bc8 14.
Re1 Nd7 15. Bg3 Bg7 16. Bf1 Re8 17. Na4 e5 18. dxe5 Nxe5 19. f3 Bf5 20. Qd2
h5 21. Bf2 Qc7 22. Rad1 Rad8 23. b3 d4 24. Nc5 1/2-1/2

[Event "ch-SCO"]
[Site "Edinburgh SCO"]
[Date "2003.04.11"]
[Round "7"]
[White "Gourlay,I"]
[Black "Grant,J"]
[Result "1-0"]
[WhiteElo "2276"]
[BlackElo "2253"]
[EventDate "2003.04.05"]

1. Nf3 Nf6 2. g3 c5 3. c4 Nc6 4. Bg2 e5 5. Nc3 g6 6. d3 Bg7 7. O-O O-O 8.
Bg5 h6 9. Bxf6 Qxf6 10. Rb1 Qd8 11. Ne1 d6 12. Nc2 a5 13. a3 a4 14. Ne3 Qa5
15. Ned5 Be6 16. Nb5 Bxd5 17. Bxd5 Rad8 18. Nc3 Ra8 19. Nb5 Rad8 20. e3 Kh7
21. Qf3 Qa6 22. Bxf7 Ne7 23. Nc7 Qb6 24. Ne6 Kh8 25. b3 axb3 26. Nxd8 Rxd8
27. Qd1 b2 28. e4 Rf8 29. Bd5 Nc6 30. Bxc6 bxc6 31. Qc2 Rb8 32. Rfd1 Qa5
33. Rxb2 Ra8 34. Rb3 h5 35. Qd2 Qa4 36. Rdb1 Kh7 37. Qg5 Ra7 38. Qd8 Rf7
39. Qxd6 h4 40. Qe6 Qa7 41. Qxc6 Qa5 42. Rb6 Rf6 43. Qb5 Qxa3 44. Rxf6 Bxf6
45. Qd7+ Kh6 46. Rb7 Kg5 47. Qh7 Kg4 48. Kg2 hxg3 49. hxg3 1-0

[Event "ch-SCO"]
[Site "Edinburgh SCO"]
[Date "2003.04.12"]
[Round "8"]
[White "Stevenson,J"]
[Black "Robertson,I"]
[Result "1/2-1/2"]
[WhiteElo "2124"]
[BlackElo "2182"]
[EventDate "2003.04.05"]

1. Nf3 c5 2. e4 e6 3. d4 cxd4 4. Nxd4 Nf6 5. Nc3 Nc6 6. Ndb5 Bc5 7. Bf4 O-O
8. Bd6 Bxd6 9. Nxd6 Qb6 10. Nc4 Qd8 11. Nd6 Qb6 12. Nc4 Qd8 13. Nd6 1/2-1/2

[Event "ch-SCO"]
[Site "Edinburgh SCO"]
[Date "2003.04.12"]
[Round "8"]
[White "Redpath,J"]
[Black "Burnett,A"]
[Result "1/2-1/2"]
[WhiteElo "2193"]
[BlackElo "2145"]
[EventDate "2003.04.05"]

1. d4 d5 2. c4 e6 3. Nc3 c6 4. e3 f5 5. Bd3 Bd6 6. Nf3 Nh6 7. h3 O-O 8. g4
fxg4 9. hxg4 Qf6 10. g5 Qxf3 11. Qxf3 Rxf3 12. gxh6 g6 13. Ke2 Rf7 14. e4
e5 15. dxe5 Bg4+ 16. Ke1 Bxe5 17. cxd5 Bxc3+ 18. bxc3 cxd5 19. Rh4 Bf3 20.
exd5 Nd7 21. Rd4 Rc8 22. Bd2 Re7+ 23. Kf1 Re5 24. Rf4 Rf8 25. Rxf8+ Kxf8
26. c4 Rh5 27. Bb4+ Kf7 28. Ke1 Rh1+ 29. Bf1 Bg2 30. Ke2 Ne5 31. c5 Bxd5
32. Ke3 Nc6 33. Bc3 Rxh6 34. Rb1 Ne7 35. a4 Rh4 36. Rb4 Rh1 37. Bd3 g5 38.
a5 h5 39. Be5 Re1+ 40. Be2 h4 41. Kd2 Rg1 42. Bh5+ Ke6 43. Bd6 Nf5 44. Bg4
Kf6 45. Bb8 a6 46. Rb6+ Bc6 47. Bf3 Nd4 48. Bxc6 bxc6 49. Rxa6 h3 50. Rb6
g4 51. a6 Ra1 52. Kc3 Ne2+ 53. Kb2 Ra5 54. Rxc6+ Kg5 55. a7 g3 56. fxg3 h2
57. Bf4+ 1/2-1/2

[Event "ch-SCO"]
[Site "Edinburgh SCO"]
[Date "2003.04.12"]
[Round "8"]
[White "Kafka,G"]
[Black "Gourlay,I"]
[Result "1/2-1/2"]
[WhiteElo "2103"]
[BlackElo "2276"]
[EventDate "2003.04.05"]

1. e4 c5 2. Nf3 e6 3. d4 cxd4 4. Nxd4 Nc6 5. Nb5 d6 6. Bf4 e5 7. Be3 Be6 8.
Nd2 a6 9. Nc3 Nf6 10. Nc4 b5 11. Nb6 Rb8 12. Nbd5 Bxd5 13. Nxd5 Nxe4 14.
Qf3 Nc5 15. Bxc5 dxc5 16. O-O-O Nd4 17. Qe4 Bd6 18. c3 f5 19. Qd3 e4 20.
Qh3 Qg5+ 21. Ne3 f4 22. cxd4 fxe3 23. fxe3 Qe7 24. Qf5 g6 25. Qd5 Rc8 26.
Kb1 Rf8 27. Be2 Rf5 28. Qg8+ Rf8 29. Qd5 Rf5 30. Qg8+ 1/2-1/2

[Event "ch-SCO"]
[Site "Edinburgh SCO"]
[Date "2003.04.12"]
[Round "8"]
[White "Fraser,M"]
[Black "Spencer,E"]
[Result "1-0"]
[WhiteElo "2186"]
[BlackElo "2197"]
[EventDate "2003.04.05"]

1. d4 f5 2. g3 g6 3. Bg2 Bg7 4. Nf3 Nf6 5. O-O O-O 6. b4 a5 7. b5 Ne4 8.
Bb2 a4 9. c4 c6 10. Qc2 d6 11. Nfd2 d5 12. Nxe4 fxe4 13. cxd5 cxd5 14. Na3
b6 15. Qd2 Qd6 16. f3 exf3 17. exf3 Bd7 18. Bc3 Rc8 19. Bb4 Qf6 20. Rad1
Ra7 21. Rfe1 Bf8 22. f4 e6 23. Bh3 Rac7 24. Re3 Rc4 25. Bxf8 Kxf8 26. Nxc4
Rxc4 27. Rc3 Bxb5 28. Rxc4 Bxc4 29. Qb4+ Kf7 30. Qxa4 Qh8 31. Qa7+ 1-0

[Event "ch-SCO"]
[Site "Edinburgh SCO"]
[Date "2003.04.12"]
[Round "8"]
[White "Brown,Ste"]
[Black "MacDonald,C"]
[Result "0-1"]
[WhiteElo "2174"]
[BlackElo "2019"]
[EventDate "2003.04.05"]

1. d4 d5 2. Nf3 Nf6 3. g3 Bf5 4. Bg2 c6 5. O-O e6 6. b3 h6 7. Bb2 Bd6 8.
Nbd2 O-O 9. Ne5 Nbd7 10. c4 Bxe5 11. dxe5 Ng4 12. cxd5 exd5 13. e4 dxe4 14.
Bxe4 Qg5 15. Nf3 Qh5 16. Bxf5 Qxf5 17. Qe2 Rfe8 18. Rae1 Qh5 19. h4 Qg6 20.
Rd1 Nf8 21. Rd6 Qxd6 22. Nd4 Nxe5 23. Nf5 Qd5 24. Ne3 Qe6 25. Re1 Ng4 26.
Qf3 Nxe3 27. Rxe3 Qg6 28. Kg2 Rxe3 29. Qxe3 Ne6 30. a4 a6 31. f4 Qc2+ 32.
Qf2 Qxf2+ 33. Kxf2 Nc5 0-1

[Event "ch-SCO"]
[Site "Edinburgh SCO"]
[Date "2003.04.12"]
[Round "8"]
[White "McNab,C"]
[Black "Motwani,P"]
[Result "1/2-1/2"]
[WhiteElo "2412"]
[BlackElo "2528"]
[EventDate "2003.04.05"]

1. c4 e5 2. Nc3 Bb4 3. Nd5 Bc5 4. Nf3 e4 5. Ng5 f5 6. d4 Be7 7. Bf4 Na6 8.
e3 Nf6 9. Nxe7 Qxe7 10. h4 h6 11. Nh3 d6 12. Be2 Be6 13. h5 c6 14. Bg3 Bf7
15. Nf4 Nc7 1/2-1/2

[Event "ch-SCO"]
[Site "Edinburgh SCO"]
[Date "2003.04.13"]
[Round "9"]
[White "Brown,Ste"]
[Black "Stevenson,J"]
[Result "1/2-1/2"]
[WhiteElo "2174"]
[BlackElo "2124"]
[EventDate "2003.04.05"]

1. d4 Nf6 2. g3 g6 3. Bg2 Bg7 4. Nf3 d5 5. O-O O-O 6. c4 c6 7. cxd5 cxd5 8.
Ne5 e6 9. Nc3 Nfd7 10. f4 Nc6 11. Be3 Nb6 1/2-1/2

[Event "ch-SCO"]
[Site "Edinburgh SCO"]
[Date "2003.04.13"]
[Round "9"]
[White "MacDonald,C"]
[Black "Spencer,E"]
[Result "1/2-1/2"]
[WhiteElo "2019"]
[BlackElo "2197"]
[EventDate "2003.04.05"]

1. c4 f5 2. g3 Nf6 3. Bg2 g6 4. Nc3 Bg7 5. d3 d6 6. e4 Nc6 7. Nge2 O-O 8.
O-O e5 9. h3 Ne7 10. Be3 c6 11. f4 Be6 12. Qc2 fxe4 13. Nxe4 Nf5 14. Bf2
Nxe4 15. dxe4 Nd4 16. Bxd4 exd4 17. Qd3 c5 18. f5 Bf7 19. g4 Be5 20. Nf4
Qg5 21. Nd5 1/2-1/2

[Event "ch-SCO"]
[Site "Edinburgh SCO"]
[Date "2003.04.13"]
[Round "9"]
[White "Redpath,J"]
[Black "Kafka,G"]
[Result "1/2-1/2"]
[WhiteElo "2193"]
[BlackElo "2103"]
[EventDate "2003.04.05"]

1. d4 d5 2. Nf3 Nf6 3. e3 Bf5 4. c4 c6 5. cxd5 cxd5 6. Qb3 Qc7 7. Bd2 Nc6
8. Bb5 e6 9. O-O Bd6 10. Bb4 O-O 11. Bxd6 Qxd6 12. Bxc6 bxc6 13. Nbd2 Rab8
14. Qc3 Rfc8 15. Rac1 1/2-1/2

[Event "ch-SCO"]
[Site "Edinburgh SCO"]
[Date "2003.04.13"]
[Round "9"]
[White "Burnett,A"]
[Black "Grant,J"]
[Result "0-1"]
[WhiteElo "2145"]
[BlackElo "2253"]
[EventDate "2003.04.05"]

1. e4 c6 2. d4 d5 3. e5 Bf5 4. Nf3 e6 5. Be2 c5 6. c4 dxc4 7. Nc3 Nc6 8.
Be3 cxd4 9. Nxd4 Nxd4 10. Bxd4 Ne7 11. Bxc4 Nc6 12. Bb5 Be7 13. Qa4 O-O 14.
Bxc6 bxc6 15. O-O c5 16. Be3 Qc7 17. Qf4 Rab8 18. b3 Rb4 19. Nd5 Rxf4 20.
Nxc7 Re4 21. Rfc1 Rxe5 22. Rc3 Rc8 23. Na6 Rd5 24. Rac1 Rcd8 25. f3 h5 26.
Nxc5 Rd1+ 27. Rxd1 Rxd1+ 28. Kf2 Bh4+ 29. g3 Be7 30. b4 Rh1 31. Ra3 Rxh2+
32. Kg1 Rb2 33. Rxa7 Bd6 34. Nd7 f6 35. Bc5 Bxg3 36. Ra8+ Kf7 37. Ra7 Bh3
38. Kh1 Rh2+ 39. Kg1 Rg2+ 40. Kh1 Rh2+ 41. Kg1 Rd2 42. Kh1 Rd1+ 43. Bg1 Bf2
44. Nc5+ Kg6 45. Kh2 Rxg1 46. Kxh3 Rg3+ 47. Kh2 Rxf3 48. Ra6 Bxc5 49. bxc5
Rc3 50. c6 e5 51. a4 Kf5 52. a5 Rc5 53. Kg2 Kf4 54. Rb6 Rxa5 55. Rb4+ e4
56. Rc4 Ra2+ 57. Kh3 g5 58. c7 g4+ 59. Kh4 Rh2+ 0-1

[Event "ch-SCO"]
[Site "Edinburgh SCO"]
[Date "2003.04.13"]
[Round "9"]
[White "Robertson,I"]
[Black "Grant,A"]
[Result "1/2-1/2"]
[WhiteElo "2182"]
[BlackElo "2271"]
[EventDate "2003.04.05"]

1. d4 Nf6 2. c3 g6 3. Nd2 Bg7 4. e4 d6 5. Ngf3 O-O 6. Bd3 c5 7. O-O a6 8.
Re1 b6 9. Nf1 cxd4 10. cxd4 Bb7 11. Ng3 Nbd7 12. Bf4 Re8 13. d5 Ng4 14. Qd2
Nge5 15. Nxe5 Nxe5 16. Bf1 Rc8 17. Rac1 Qd7 18. b3 Rxc1 19. Rxc1 Rc8
1/2-1/2